Statistiques concernant Personnages Fire Force !

Cliquez ici pour prendre le quiz!

Statistiques générales

  • Ce quiz a été pris 26 fois
  • Le résultat moyen est 13 sur 67

Statistiques - réponses

Réponse% Correct
Arthur
96%
Joker
96%
Shinra
96%
Maki
92%
Benimaru
80%
Sho
80%
Iris
76%
Tamaki
64%
Vulcan
64%
Obi
56%
Hibana
52%
Victor
44%
Li
40%
Arrow
36%
Barns
36%
Haumea
32%
Charon
28%
Karim
24%
Giovanni
20%
Hinawa
20%
Lisa
20%
Ogun
20%
Hinata
16%
Konro
16%
Rekka
16%
Yu
16%
Amaterasu
8%
Assaut
8%
Dame en Noir
8%
Hikage
8%
Raffless
8%
Asako
4%
Cone
4%
Honda
4%
Huang
4%
Inca
4%
Kantaro
4%
Karin
4%
Kurono
4%
Pan
4%
Sumire
4%
Takeru
4%
Anton
0%
Danro
0%
Dominions
0%
Engo
0%
Flail
0%
Hague
0%
Hajiki
0%
Hajima
0%
Haran
0%
Hiraoka
0%
Jonas
0%
Madoka
0%
Mari
0%
Mirage
0%
Nataku
0%
Ohana
0%
Onyango
0%
Orochi
0%
Ritsu
0%
Stesuo
0%
Takigi
0%
Tojo
0%
Tokuyama
0%
Toru
0%
Yona
0%

Distribution des résultats

Percentile par nombre de réponses

% des personnes avec chaque résultat

Votre développement - résultats

Vous n’avez pas pris ce quiz